| 000 | 00725nam a22001577a 4500 | ||
|---|---|---|---|
| 003 | OSt | ||
| 005 | 20151208143851.0 | ||
| 008 | 151205b xxu||||| |||| 00| 0 eng d | ||
| 040 | _cRUA | ||
| 082 | _aFIS MAO 2003 B187 Or.1 | ||
| 100 |
_94348 _aMAO, KUNTHEA. |
||
| 245 | _aImpact of undulated surd clam fishery on standard of living of the people in (ream) community, ផលបះពាល់ឧបករណ៍ទំនើបនេសាទខ្យង់ហូលទៅលើជីវភាពរបស់ប្រជាជនក្នុងសហគមន៍នៃឿទ្យានជាតិព្រះសីហនុ រាម | ||
| 260 |
_aPhnom Penh _bRUA _c2003 |
||
| 300 |
_avii; 42p. _bill. _c29cm. |
||
| 942 |
_2ddc _cFIS |
||
| 999 |
_c4058 _d4058 |
||